Online
Catalog

La suora giovane / (Record no. 16888)

MARC details
000 -CABECERA
campo de control de longitud fija 00610cam a2200217 a 4500
001 - NÚMERO DE CONTROL
campo de control 000017363
005 - FECHA Y HORA DE LA ÚLTIMA TRANSACCIÓN
campo de control 20200929165107.0
008 - DATOS DE LONGITUD FIJA--INFORMACIÓN GENERAL
campo de control de longitud fija 970716s1968 it 000 0 ita d
040 ## - FUENTE DE LA CATALOGACIÓN
Centro catalogador/agencia de origen DO-SdBNP
Lengua de catalogación ita
Centro/agencia transcriptor LC
Centro/agencia modificador BNPHU
050 00 - SIGNATURA TOPOGRÁFICA DE LA BIBLIOTECA DEL CONGRESO
Número de clasificación PQ4805.R63
Número de documento/Ítem S8 1994
082 ## - NÚMERO DE LA CLASIFICACIÓN DECIMAL DEWEY
Número de clasificación nn*
Número de documento/Ítem A772s, 1968
049 ## - FONDOS LOCALES (OCLC)
Fondos de biblioteca BNGR
100 1# - ENTRADA PRINCIPAL--NOMBRE DE PERSONA
Nombre de persona Arpino, Giovanni,
Fechas asociadas al nombre 1927-1987.
9 (RLIN) 4321
245 13 - MENCIÓN DE TÍTULO
Título La suora giovane /
Mención de responsabilidad, etc. Giovanni Arpino.
250 ## - MENCIÓN DE EDICIÓN
Mención de edición 9a ed.
260 ## - PUBLICACIÓN, DISTRIBUCIÓN, ETC.
Lugar de publicación, distribución, etc. Torino :
Nombre del editor, distribuidor, etc. Giulio Einaudi,
Fecha de publicación, distribución, etc. 1968.
300 ## - DESCRIPCIÓN FÍSICA
Extensión 139 p. ;
Dimensiones 19 cm.
490 1# - MENCIÓN DE SERIE
Mención de serie I Coralli,
Designación de volumen o secuencia 107
830 #0 - PUNTO DE ACCESO ADICIONAL DE SERIE-TÍTULO UNIFORME
Título uniforme I Coralli,
Designación de volumen o secuencia 107
9 (RLIN) 38021
910 ## - DATOS DE OPCIÓN DEL USUARIO (OCLC)
Datos de opción del usuario Catalogación derivada
Holdings
Estado de retiro Estado de pérdida Restricciones de uso No para préstamo Código de colección Localización permanente Ubicación/localización actual Ubicación en estantería Fecha de adquisición Número de inventario Total de préstamos Signatura topográfica completa Código de barras Fecha visto por última vez Precio válido a partir de Tipo de ítem Koha
      Excluido de préstamo Monografías: Libros y Folletos General General En catalogación 23.03.2010 LF1   nn* A772s, 1968 17363-10 25.06.2020 25.06.2020 No se presta

Powered by Koha